000
00253nam a22001097a 4500
082
_a
770.28 BOU'F
100
_a
BOUIE, BILL
_9
79878
245
_a
FLASH FOR BETTER PHOTOGRAPHY
260
_a
NEWYORK
_b
UNIVERSAL PHOTO
_c
1956
300
_a
122P
942
_c
BK
999
_c
584864
_d
584864